Армянские сказки (Запись № 13335958)

Подробности
000 -МАРКЕР
контрольное поле 02737nam0a2200421 4500
001 - ИДЕНТИФИКАТОР ЗАПИСИ
контрольное поле RU\NLR\BIBL_A\022412027
005 - ИДЕНТИФИКАТОР ВЕРСИИ
контрольное поле 20250616155749.0
010 ## - МЕЖДУНАРОДНЫЙ СТАНДАРТНЫЙ НОМЕР КНИГИ (ISBN)
Номер (ISBN) 978-5-904994-69-3
Тираж 300
021 ## - НОМЕР ГОСУДАРСТВЕННОЙ РЕГИСТРАЦИИ
Код страны Российская Федерация
Номер КН-П-24-066051
Номер Листа государственной регистраци КН-П-24-6594
035 ## - ДРУГИЕ СИСТЕМНЫЕ НОМЕРА
Идентификатор записи (NLR Aleph) 022412027
100 ## - ДАННЫЕ ОБЩЕЙ ОБРАБОТКИ
Данные общей обработки 20241213d2024 k y0rusy50 ca
101 1# - ЯЗЫК РЕСУРСА
Язык текста, звукозаписи и т.д. русский
Язык оригинала армянский
102 ## - СТРАНА ПУБЛИКАЦИИ ИЛИ ПРОИЗВОДСТВА
Страна публикации Российская Федерация
105 ## - ПОЛЕ КОДИРОВАННЫХ ДАННЫХ: ТЕКСТОВЫЕ МАТЕРИАЛЫ, МОНОГРАФИЧЕСКИЕ
Кодированные данные о монографическом текстовом документе ah z 000fy
181 #0 - ПОЛЕ КОДИРОВАННЫХ ДАННЫХ: ВИД СОДЕРЖАНИЯ
Код вида содержания (ISBD) i
Код характеристики содержания (ISBD) xxxe
182 #0 - ПОЛЕ КОДИРОВАННЫХ ДАННЫХ: ТИП СРЕДСТВА
Код типа средства (ISBD) n - непосредственное
200 1# - ЗАГЛАВИЕ И СВЕДЕНИЯ ОБ ОТВЕТСТВЕННОСТИ
Основное заглавие Армянские сказки
Первые сведения об ответственности пер. [и комментарии] Я. С. Хачатрянца
Последующие сведения об ответственности введение М. С. Шагинян
-- иллюстрации Мартироса Сергеевича Сарьяна
210 ## - ПУБЛИКАЦИЯ, РАСПРОСТРАНЕНИЕ И ДР.
Место издания, распространения и т.д. Москва
Имя издателя, распространителя и т. д. Альма Матер
Дата издания, распространения и т.д. 2024
215 ## - ФИЗИЧЕСКАЯ ХАРАКТЕРИСТИКА
Специфическое обозначение материала и объем 295 с.
Другие сведения о физической характеристике ил., факс.
Размеры 21
225 1# - СЕРИЯ
Основное заглавие серии Методы культуры
Наименование части Фольклор
-- Тексты
300 ## - ОБЩИЕ ПРИМЕЧАНИЯ
Текст примечания На пер. загл. сер.: Фольклор. Тексты
300 ## - ОБЩИЕ ПРИМЕЧАНИЯ
Текст примечания Сопровождается илл. М. С. Сарьяна, выполн. специально для изд. 1933 г.
320 ## - ПРИМЕЧАНИЯ О НАЛИЧИИ В ДОКУМЕНТЕ БИБЛИОГРАФИИ / УКАЗАТЕЛЯ
Текст примечания Библиогр.: с. 292–293
327 1# - ПРИМЕЧАНИЯ О СОДЕРЖАНИИ
Текст примечания Содерж. разд.: Армянские народные сказки ; Народные сказки в художественной обработке. В прил.: Фольклорные параллели / сост. Н. П. Андреевым
451 #0 - ДРУГОЕ ИЗДАНИЕ [КАТАЛОГИЗИРУЕМОГО ДОКУМЕНТА] НА АНАЛОГИЧНОМ НОСИТЕЛЕ
Встроенное поле 2001#$aАрмянские сказки$fперевод и примечания Я. Хачатрянца$gвведение М. Шагинян$gхудож. оформ. М. Сарьяна
-- 205##$a2-е значительно доп. и испр. изд.
-- 210##$aМосква$aЛенинград$cAcademia$d1933
Заглавие Армянские сказки
464 #0 - АНАЛИТИЧЕСКИЙ УРОВЕНЬ
Встроенное поле 2001#$aФольклорные параллели$fсост. Н. П. Андреевым
-- 702#1$3RU\NLR\AUTH\770277176$aАндреев$bН. П.$cд-р филол. наук, фольклористика$f1892-1942$gНиколай Петрович$4220
Заглавие Фольклорные параллели
606 1# - НАИМЕНОВАНИЕ ТЕМЫ КАК ПРЕДМЕТ
Наименование темы Сказки армянские
Системный номер авторитетной/нормативной записи 1017747
Идентификатор авторитетной/нормативной записи RU\NLR\AUTH\6670755
686 1# - ИНДЕКСЫ ДРУГИХ КЛАССИФИКАЦИЙ
Индекс Ш3(247=Ар)-615.10
702 #1 - ИМЯ ЛИЦА - ВТОРИЧНАЯ ОТВЕТСТВЕННОСТЬ
Начальный элемент ввода Хачатрянц
Часть имени, кроме начального элемента ввода Я. С.
Даты 1884-1960
Расширение инициалов личного имени Яков Самсонович
Код отношения Комментатор печатного текста
702 #1 - ИМЯ ЛИЦА - ВТОРИЧНАЯ ОТВЕТСТВЕННОСТЬ
Код отношения Автор введения, предисловия, примечания и т.п.
Графика поля Кириллица
Начальный элемент ввода rus
-- Шагинян
Часть имени, кроме начального элемента ввода М. С.
Даты 1888-1982
Расширение инициалов личного имени Мариэтта Сергеевна
Системный номер авторитетной/нормативной записи 10502
Идентификатор авторитетной/нормативной записи RU\NLR\AUTH\7727470
702 #1 - ИМЯ ЛИЦА - ВТОРИЧНАЯ ОТВЕТСТВЕННОСТЬ
Код отношения Иллюстратор
Графика поля Кириллица
Материалы, к которым относится поле rus
Начальный элемент ввода Сарьян
Часть имени, кроме начального элемента ввода М. С.
Даты 1880-1972
Расширение инициалов личного имени Мартирос Сергеевич
Системный номер авторитетной/нормативной записи 2653276
Идентификатор авторитетной/нормативной записи RU\NLR\AUTH\770281309
942 ## - ДОПОЛНИТЕЛЬНЫЕ ЭЛЕМЕНТЫ ЗАПИСИ (АБИС)
Тип экземпляра АБИС Книга
980 ## - КОЛЛЕКЦИЯ
Название коллекции Национальная библиография
Экземпляры
Тип экземпляра Дата поступления Источник поступления Библиотека постоянного хранения Библиотека текущего хранения Место хранения Шифр хранения Штрих-код Статус экземпляра
Книга 13.12.2024 Обязательный экземпляр РНБ (Московский) РНБ (Московский) Русский книжный фонд: издания с 1957 года 2024-3/24614 1-4778658  
Книга 13.12.2024 Обязательный экземпляр РНБ (Московский) РНБ (Московский) Русский книжный фонд: издания с 1957 года 2024-3/24614 1-4778659